000 00885cam a22002653a 4500
001 29031
003 PGUSA
005 20140828083628.0
008 090603s2009||||xxu|||||s|||||000 | eng d
040 _aPGUSA
_beng
042 _adc
050 4 _aQB
100 1 _aHolden, Edward S.
_q(Edward Singleton),
_d1846-1914
245 1 0 _aSir William Herschel :
_bHis Life and Works
_h[electronic resource] /
_cEdward S. Holden
260 _bProject Gutenberg,
_c2009
506 _aPublic domain in the USA.
516 _aElectronic text
653 _aAstronomers -- Great Britain -- Biography
653 _aAstronomy -- Great Britain -- History -- 19th century
653 _aAstronomy -- Great Britain -- History -- 18th century
653 _aHerschel, William, Sir, 1738-1822
830 0 _aProject Gutenberg
_v29031
856 4 0 _uhttp://www.gutenberg.org/ebooks/29031
942 _cEB
999 _c258286
_d258286